000 00568nam a2200217Ia 4500
008 101110s9999 xx 000 0 und d
041 _aMARATHI
082 _bSR35001
100 _aAtrawalkar Shashikant Hari
245 _aVyavsaik arthshastra paper-2, SYBCOM
260 _c2010
_bSheth prakashan, Mumbai
300 _a274
365 _b95
520 _aEconomics
546 _aMARATHI
630 _aVyavsaik arthshastra paper-2, SYBCOM
650 _aEconomics
655 _aEconomics
730 _aVyavsaik arthshastra paper-2, SYBCOM
942 _cBOOK
999 _c827502
_d827499